000 00357 a2200169 4500
001 192022
020 _a978-85-7153-272-4
040 _cMagnum
100 _aBuck, Marcos
240 1 0 _aO menino velanino
_lpor
245 1 0 _aO menino velanino
300 _a40
362 0 _a2011
440 1 _aRHJ
697 _aLITERATURA INFANTO-JUVENIL
942 _cBK
999 _c192022
_d192022